[Event "EU-Cup Online Gr-D (Women)"]
[Site "Tornelo INT"]
[Date "2020.12.20"]
[Round "7.4"]
[White "Mashchenko, Tamila"]
[Black "Rubsamen, Anais"]
[Result "1-0"]
[WhiteElo "1768"]
[BlackElo "1692"]
[PlyCount "53"]
[EventDate "2020.12.19"]
[EventType "team-tourn (rapid)"]
[EventRounds "9"]
[EventCountry "ISS"]
[SourceTitle "CBM 199 Extra"]
[Source "ChessBase"]
[SourceDate "2021.01.31"]
[SourceVersion "1"]
[SourceVersionDate "2021.01.31"]
[SourceQuality "1"]
[WhiteTeam "Dnipro (W)"]
[BlackTeam "Monte Carlo (W) III"]
[WhiteTeamCountry "UKR"]
[BlackTeamCountry "MNC"]

1. c4 g6 2. Nc3 Bg7 3. g3 Nf6 4. Bg2 c6 5. e4 e5 6. Nge2 d6 7. 0-0 0-0 8. d3 Bg4 9. h3 Bxe2 10. Qxe2 Na6 11. f4 Nc5 12. f5 Nh5 13. Kh2 Nf6 14. b4 Na6 15. Rb1 Nc7 16. g4 d5 17. g5 Nh5 18. f6 Bh8 19. exd5 cxd5 20. Nxd5 Nxd5 21. Bxd5 Nf4 22. Bxf4 exf4 23. Qf3 h6 24. Qxf4 hxg5 25. Qxg5 Re8 26. Qxg6+ Kf8 27. Qxf7# 1-0

[Event "EU-Cup Online Gr-D (Women)"]
[Site "Tornelo INT"]
[Date "2020.12.20"]
[Round "9.4"]
[White "Rubsamen, Anais"]
[Black "Salimova, Nurgyul"]
[Result "0-1"]
[WhiteElo "1692"]
[BlackElo "2397"]
[PlyCount "70"]
[EventDate "2020.12.19"]
[EventType "team-tourn (rapid)"]
[EventRounds "9"]
[EventCountry "ISS"]
[SourceTitle "CBM 199 Extra"]
[Source "ChessBase"]
[SourceDate "2021.01.31"]
[SourceVersion "1"]
[SourceVersionDate "2021.01.31"]
[SourceQuality "1"]
[WhiteTeam "Monte Carlo (W) III"]
[BlackTeam "Volgograd Gambit (W)"]
[WhiteTeamCountry "MNC"]
[BlackTeamCountry "RUS"]

1. Nf3 d5 2. g3 Nf6 3. Bg2 g6 4. 0-0 Bg7 5. c4 0-0 6. d3 c5 7. Bg5 dxc4 8. dxc4 Ne4 9. Qc2 Nxg5 10. Nxg5 Nc6 11. Bxc6 bxc6 12. Nf3 Bf5 13. e4 Bg4 14. Nbd2 Rb8 15. Rab1 Qa5 16. b3 Rfd8 17. Kg2 Bh6 18. Rfd1 Bxd2 19. b4 Bxb4 20. Rxd8+ Rxd8 21. Ne5 Bd7 22. Rd1 Be8 23. Rxd8 Qxd8 24. Qa4 Bc3 25. Nf3 Qd7 26. Qa3 Bd4 27. Qa6 f6 28. Qa4 Bf7 29. Qb3 Kg7 30. a4 Qe6 31. Nd2 f5 32. exf5 Qe2 33. Nf3 Bxc4 34. Qb1 Qxf2+ 35. Kh1 Qxf3# 0-1

[Event "EU-Cup Online Gr-D (Women)"]
[Site "Tornelo INT"]
[Date "2020.12.19"]
[Round "1.1"]
[White "Mamedjarova, Turkan"]
[Black "Rubsamen, Anais"]
[Result "1-0"]
[WhiteElo "2309"]
[BlackElo "1692"]
[PlyCount "81"]
[EventDate "2020.12.19"]
[EventType "team-tourn (rapid)"]
[EventRounds "9"]
[EventCountry "ISS"]
[SourceTitle "CBM 199 Extra"]
[Source "ChessBase"]
[SourceDate "2021.01.31"]
[SourceVersion "1"]
[SourceVersionDate "2021.01.31"]
[SourceQuality "1"]
[WhiteTeam "Odlar Yurdu (W)"]
[BlackTeam "Monte Carlo (W) III"]
[WhiteTeamCountry "AZE"]
[BlackTeamCountry "MNC"]

1. d4 Nf6 2. Nf3 g6 3. c4 c6 4. Nc3 d5 5. cxd5 cxd5 6. Bf4 Bg7 7. e3 Nh5 8. Bxb8 Rxb8 9. Bb5+ Bd7 10. Qa4 Nf6 11. Bxd7+ Nxd7 12. Nxd5 0-0 13. 0-0 Nb6 14. Nxb6 Qxb6 15. Qa3 Rfe8 16. Rac1 e5 17. dxe5 Bxe5 18. Rc2 Bd6 19. Qa4 Rec8 20. Rfc1 Rc7 21. Rxc7 Bxc7 22. h3 Rd8 23. b3 a6 24. Qh4 h5 25. Qg5 Qd6 26. g3 Re8 27. Nd4 Bd8 28. Qf4 Qxf4 29. gxf4 Bf6 30. Nf3 Rd8 31. Rc7 Rb8 32. e4 Bd8 33. Rd7 Kg7 34. Ne5 Kh8 35. Rxd8+ Rxd8 36. Nxf7+ Kg7 37. Nxd8 Kf6 38. Nxb7 g5 39. fxg5+ Kxg5 40. e5 Kf5 41. f4 1-0

[Event "EU-ch Online U18 Girls"]
[Site "Tornelo INT"]
[Date "2020.09.19"]
[Round "4"]
[White "Hristea, Andreea Beatrice"]
[Black "Rubsamen, Anais"]
[Result "0-1"]
[WhiteElo "1283"]
[BlackElo "1692"]
[PlyCount "80"]
[EventDate "2020.09.18"]
[EventType "swiss (rapid)"]
[EventRounds "9"]
[EventCountry "ENG"]
[SourceTitle "CBM 198 Extra"]
[Source "ChessBase"]
[SourceDate "2020.11.30"]
[SourceVersion "1"]
[SourceVersionDate "2020.11.30"]
[SourceQuality "1"]

1. d4 Nf6 2. c4 g6 3. Nc3 d5 4. h4 h5 5. c5 Bg7 6. Bg5 0-0 7. Qd2 Nc6 8. Qf4 Nh7 9. e3 f6 10. Bh6 g5 11. hxg5 fxg5 12. Qh2 Bxh6 13. Qxh5 Rf6 14. b3 e5 15. Nxd5 Re6 16. Bc4 Na5 17. Nf3 Nxc4 18. bxc4 c6 19. Nb4 exd4 20. 0-0-0 Qa5 21. Nxd4 Qxb4 22. Nxe6 Qxc4+ 23. Kb1 Bxe6 24. Qg6+ Bg7 25. Qxh7+ Kf8 26. Qc2 Qg4 27. f3 Qg3 28. e4 Qe5 29. Qd2 Qa1+ 30. Kc2 Qxa2+ 31. Kd3 Bc4+ 32. Ke3 Bd4+ 33. Kxd4 Rd8+ 34. Ke5 Rxd2 35. Rh8+ Kg7 36. Rdh1 Qb2+ 37. Kf5 Qf6+ 38. Kg4 Qf4+ 39. Kh3 Be6+ 40. g4 Qxf3# 0-1

[Event "EU-ch Online U18 Girls"]
[Site "Tornelo INT"]
[Date "2020.09.19"]
[Round "5"]
[White "Rubsamen, Anais"]
[Black "Akulova, Alicia"]
[Result "0-1"]
[WhiteElo "1692"]
[BlackElo "1823"]
[PlyCount "116"]
[EventDate "2020.09.18"]
[EventType "swiss (rapid)"]
[EventRounds "9"]
[EventCountry "ENG"]
[SourceTitle "CBM 198 Extra"]
[Source "ChessBase"]
[SourceDate "2020.11.30"]
[SourceVersion "1"]
[SourceVersionDate "2020.11.30"]
[SourceQuality "1"]

1. Nf3 d5 2. g3 Nf6 3. Bg2 c6 4. 0-0 Nbd7 5. d4 g6 6. b3 Bg7 7. Bb2 0-0 8. Nbd2 Re8 9. Re1 e5 10. dxe5 Ng4 11. c4 Ndxe5 12. Nxe5 Nxe5 13. Qc2 Bf5 14. e4 dxe4 15. Nxe4 Qd3 16. Qxd3 Nxd3 17. Bxg7 Nxe1 18. Nf6+ Kxg7 19. Nxe8+ Rxe8 20. Rd1 Nxg2 21. Kxg2 Re2 22. Ra1 Be4+ 23. Kg1 Rb2 24. c5 Kf6 25. Re1 Rb1 26. Rxb1 Bxb1 27. a3 Ke5 28. Kf1 Kd4 29. Ke2 Kc3 30. b4 Kb3 31. Kd2 Kxa3 32. Kc3 b6 33. cxb6 axb6 34. Kc4 Ba2+ 35. Kc3 c5 36. bxc5 bxc5 37. h3 Be6 38. f4 h5 39. g4 hxg4 40. hxg4 Bxg4 41. Kc4 Kb2 42. Kxc5 Kc3 43. Kd5 Kd3 44. Ke5 Ke3 45. Kf6 Be6 46. Kg5 Kf3 47. f5 gxf5 48. Kh4 f4 49. Kg5 Kg3 50. Kf6 f3 51. Ke7 f2 52. Kf8 f1Q 53. Kg8 Qf6 54. Kf8 Kg4 55. Kg8 Kg5 56. Kh7 Bf5+ 57. Kg8 Kg6 58. Kf8 Qd8# 0-1

[Event "EU-ch Online U18 Girls"]
[Site "Tornelo INT"]
[Date "2020.09.18"]
[Round "1"]
[White "Rubsamen, Anais"]
[Black "Kocyigit, Buse Naz"]
[Result "0-1"]
[WhiteElo "1692"]
[BlackElo "2000"]
[PlyCount "86"]
[EventDate "2020.09.18"]
[EventType "swiss (rapid)"]
[EventRounds "9"]
[EventCountry "ENG"]
[SourceTitle "CBM 198 Extra"]
[Source "ChessBase"]
[SourceDate "2020.11.30"]
[SourceVersion "1"]
[SourceVersionDate "2020.11.30"]
[SourceQuality "1"]

1. Nf3 Nf6 2. g3 g6 3. Bg2 Bg7 4. 0-0 0-0 5. c4 d6 6. d4 c6 7. Nc3 Qa5 8. e4 e5 9. d5 cxd5 10. cxd5 Bd7 11. Nd2 Rc8 12. Qb3 b5 13. Kh1 Na6 14. f4 Qb6 15. fxe5 dxe5 16. Nf3 Nc5 17. Qd1 Ncxe4 18. Nxe4 Nxe4 19. Qe2 f5 20. Be3 Qd6 21. Rfd1 a5 22. a3 Rab8 23. Ne1 Nc5 24. b4 axb4 25. axb4 Na4 26. Nc2 Nc3 27. Qd2 Nxd1 28. Rxd1 Ra8 29. Bc5 Rxc5 30. bxc5 Qxc5 31. d6 Rc8 32. Qd5+ Qxd5 33. Bxd5+ Kf8 34. Nb4 e4 35. Ra1 Bxa1 36. Kg1 Bd4+ 37. Kf1 Bc5 38. Na6 Bxd6 39. Ke2 Rc2+ 40. Kd1 Rxh2 41. Bb3 b4 42. Kc1 Bb5 43. Nxb4 Bxb4 0-1

[Event "Online Olym Div3 A"]
[Site "Chess.com INT"]
[Date "2020.08.09"]
[Round "9.1"]
[White "Rubsamen, Anais"]
[Black "Chua, Jia Tien"]
[Result "0-1"]
[WhiteElo "1692"]
[BlackElo "1822"]
[PlyCount "122"]
[EventDate "2020.08.07"]
[EventType "team-tourn (rapid)"]
[EventRounds "9"]
[EventCountry "USA"]
[SourceTitle "CBM 198"]
[Source "ChessBase"]
[SourceDate "2020.10.31"]
[SourceVersion "1"]
[SourceVersionDate "2020.10.31"]
[SourceQuality "1"]
[WhiteTeam "Monaco"]
[BlackTeam "Malaysia"]
[WhiteTeamCountry "MNC"]
[BlackTeamCountry "MAS"]

1. Nf3 Nf6 2. g3 d5 3. Bg2 c6 4. 0-0 Bf5 5. d3 Nbd7 6. c4 e6 7. Bg5 Be7 8. Nbd2 0-0 9. Re1 h6 10. Bxf6 Bxf6 11. Rb1 Rc8 12. e4 Bg4 13. Qb3 Nc5 14. Qa3 Be7 15. b4 Na6 16. c5 Bxf3 17. Nxf3 Qc7 18. d4 dxe4 19. Rxe4 Rfd8 20. Ne5 f5 21. Ree1 Rxd4 22. Qb3 Rd5 23. Bxd5 exd5 24. Qf3 Rf8 25. Ng6 Rf7 26. Nxe7+ Rxe7 27. Qxf5 Qd7 28. Qg6 Nc7 29. Qd6 Rf7 30. Re2 Qf5 31. Rbe1 Nb5 32. Qb8+ Kh7 33. f4 Nd4 34. Re3 Nc2 35. Re5 Qg4 36. Rf1 Nd4 37. Kg2 Nc2 38. Rf2 Nxb4 39. Qe8 Qg6 40. Re7 Rxe7 41. Qxe7 Nd3 42. Re2 Nxf4+ 43. Kf3 Nxe2 44. Qxe2 Qf5+ 45. Kg2 Qe4+ 46. Qxe4+ dxe4 47. Kf2 Kg6 48. Ke3 Kf5 49. h3 Ke5 50. a3 b6 51. cxb6 axb6 52. a4 c5 53. g4 c4 54. h4 g5 55. h5 Kd5 56. Ke2 Kd4 57. Kd2 c3+ 58. Kc2 e3 59. Kc1 Kd3 60. Kd1 c2+ 61. Kc1 e2 0-1

[Event "FRA-ch U18/14 Online"]
[Site "Europe Echecs INT"]
[Date "2020.07.11"]
[Round "7"]
[White "Rubsamen, Anais"]
[Black "Robine, Guillaume"]
[Result "0-1"]
[WhiteElo "1692"]
[BlackElo "1571"]
[PlyCount "82"]
[EventDate "2020.07.11"]
[EventType "swiss (blitz)"]
[EventRounds "9"]
[EventCountry "FRA"]
[SourceTitle "EXT 2021"]
[Source "ChessBase"]
[SourceDate "2020.10.23"]
[SourceVersion "1"]
[SourceVersionDate "2020.10.23"]
[SourceQuality "1"]

1. Nf3 d5 2. g3 g6 3. Bg2 Bg7 4. 0-0 Nf6 5. d4 0-0 6. Nbd2 c6 7. c4 Nbd7 8. c5 b6 9. b4 Ba6 10. Bb2 Rb8 11. a3 bxc5 12. dxc5 Nxc5 13. Bxf6 Bxf6 14. bxc5 Bxa1 15. Qxa1 f6 16. Nd4 Qd7 17. Qa2 Kg7 18. e4 Bxf1 19. Bxf1 e5 20. N4b3 Rfd8 21. exd5 Qxd5 22. Bg2 Qe6 23. Qc2 f5 24. Nc4 e4 25. Qc3+ Kg8 26. Bf1 Qd5 27. Nd6 Rxb3 28. Qxb3 Qxb3 29. Bc4+ Qxc4 30. Nxc4 Rd1+ 31. Kg2 Rc1 32. Nd6 Rxc5 33. Nc8 a5 34. a4 Kf8 35. Nb6 Ke8 36. Kf1 Kd8 37. Ke2 Kc7 38. Na8+ Kb7 39. Ke3 Kxa8 40. Kd4 Rd5+ 41. Kc4 Kb7 0-1

[Event "EU-ch U16 Girls 28th"]
[Site "Riga"]
[Date "2018.08.21"]
[Round "2"]
[White "Rubsamen, Anais"]
[Black "Martinez, Anna"]
[Result "1-0"]
[WhiteElo "1627"]
[BlackElo "1881"]
[PlyCount "75"]
[EventDate "2018.08.20"]
[EventType "swiss"]
[EventRounds "9"]
[EventCountry "LAT"]
[SourceTitle "CBM 186 Extra"]
[Source "ChessBase"]
[SourceDate "2018.08.24"]
[SourceVersion "1"]
[SourceVersionDate "2018.08.24"]
[SourceQuality "1"]

1. Nf3 Nf6 2. g3 d5 3. Bg2 c6 4. 0-0 Bf5 5. d3 h6 6. Nbd2 e6 7. Qe1 Be7 8. e4 Bh7 9. Ne5 Nbd7 10. Nxd7 Nxd7 11. e5 Qc7 12. f4 0-0-0 13. Nf3 Rdg8 14. Be3 g5 15. Qf2 g4 16. Nd2 h5 17. Nb3 h4 18. Nc5 Nf8 19. a4 Bf5 20. a5 hxg3 21. hxg3 Ng6 22. Nb3 f6 23. Bxa7 fxe5 24. Bb6 Qb8 25. a6 exf4 26. axb7+ Qxb7 27. Ra7 fxg3 28. Qe3 Bg5 29. Qc5 Nf4 30. Rxf4 Bxf4 31. Rxb7 Kxb7 32. Na5+ Ka6 33. Qxc6 Be3+ 34. Bxe3+ Kxa5 35. Bb6+ Ka6 36. Bc5+ Ka5 37. Qb6+ Ka4 38. Qb4# 1-0

[Event "EU-ch U16 Girls 28th"]
[Site "Riga"]
[Date "2018.08.20"]
[Round "1"]
[White "Slaba, Andrea"]
[Black "Rubsamen, Anais"]
[Result "1-0"]
[WhiteElo "1992"]
[BlackElo "1627"]
[PlyCount "119"]
[EventDate "2018.08.20"]
[EventType "swiss"]
[EventRounds "9"]
[EventCountry "LAT"]
[SourceTitle "CBM 186 Extra"]
[Source "ChessBase"]
[SourceDate "2018.08.24"]
[SourceVersion "1"]
[SourceVersionDate "2018.08.24"]
[SourceQuality "1"]

1. Nf3 Nf6 2. g3 g6 3. Bg2 Bg7 4. 0-0 0-0 5. c4 c5 6. d4 cxd4 7. Nxd4 Nc6 8. e3 e5 9. Nb5 Qb6 10. N1c3 Ne7 11. Na4 Qd8 12. Nd6 Qc7 13. b3 Ne8 14. Nxc8 Rxc8 15. Ba3 d6 16. Rc1 Qd7 17. Nc5 Qc7 18. Nxb7 Rb8 19. Nxd6 Rd8 20. c5 Nf5 21. Nxe8 Rfxe8 22. Qe1 Rb8 23. c6 Nd6 24. Bxd6 Qxd6 25. Qa5 Re7 26. Rfd1 Qc7 27. Qxc7 Rxc7 28. Rd7 Rbc8 29. Rcd1 f5 30. Rxc7 Rxc7 31. Rd7 Rxd7 32. cxd7 Bf6 33. Bc6 Kf7 34. Kf1 Ke6 35. Ke2 e4 36. Bb5 Kd6 37. a4 h6 38. f3 exf3+ 39. Kxf3 Ke5 40. b4 Bd8 41. Bc6 Kd6 42. b5 a6 43. e4 fxe4+ 44. Kxe4 axb5 45. axb5 Bf6 46. Kd3 Kc5 47. Be4 g5 48. Bc6 h5 49. Ke4 Kd6 50. Kf5 Bd8 51. Kg6 h4 52. Kf7 Kc7 53. Ke8 Bf6 54. Be4 Kb6 55. d8Q+ Bxd8 56. Kxd8 Kxb5 57. Ke7 Kc5 58. Kf6 Kd4 59. Bf5 hxg3 60. hxg3 1-0

[Event "EU-ch U14 Girls 27th"]
[Site "Mamaia"]
[Date "2017.09.13"]
[Round "8"]
[White "Chatziioannidi, Filippa"]
[Black "Rubsamen, Anais"]
[Result "1/2-1/2"]
[WhiteElo "1506"]
[BlackElo "1738"]
[PlyCount "36"]
[EventDate "2017.09.05"]
[EventType "swiss"]
[EventRounds "9"]
[EventCountry "ROU"]
[SourceTitle "CBM 180 Extra"]
[Source "ChessBase"]
[SourceDate "2017.10.06"]
[SourceVersion "1"]
[SourceVersionDate "2017.10.06"]
[SourceQuality "1"]

1. e4 g6 2. d4 Bg7 3. Nc3 c6 4. Bc4 d5 5. exd5 b5 6. Bb3 b4 7. dxc6 bxc3 8. Qf3 e6 9. c7 Qxc7 10. Qxa8 Bxd4 11. Ba4+ Kf8 12. Qe4 Qc4 13. Be3 Ba6 14. Qd3 cxb2 15. Bxd4 Qb4+ 16. Qd2 bxa1Q+ 17. Bxa1 Qxd2+ 18. Kxd2 f6 1/2-1/2

[Event "EU-ch U14 Girls 27th"]
[Site "Mamaia"]
[Date "2017.09.12"]
[Round "7"]
[White "Rubsamen, Anais"]
[Black "Apostu, Milena Maria"]
[Result "1/2-1/2"]
[WhiteElo "1738"]
[BlackElo "1463"]
[PlyCount "140"]
[EventDate "2017.09.05"]
[EventType "swiss"]
[EventRounds "9"]
[EventCountry "ROU"]
[SourceTitle "CBM 180 Extra"]
[Source "ChessBase"]
[SourceDate "2017.10.06"]
[SourceVersion "1"]
[SourceVersionDate "2017.10.06"]
[SourceQuality "1"]

1. Nf3 Nf6 2. g3 d5 3. d4 c5 4. c4 e6 5. Bg2 Nc6 6. cxd5 Nxd5 7. 0-0 Be7 8. Nc3 Nxc3 9. bxc3 0-0 10. e4 Bf6 11. Ba3 Be7 12. Qc2 cxd4 13. Bxe7 Nxe7 14. cxd4 Bd7 15. Rac1 Rc8 16. Qb2 b6 17. Ne5 Rxc1 18. Rxc1 Be8 19. Qa3 Qxd4 20. Qxe7 Qxe5 21. Rc8 Qb5 22. Qxa7 g6 23. Rb8 Qb1+ 24. Bf1 Qxe4 25. Qe7 Qc6 26. Qb4 Qd5 27. Bg2 Qxa2 28. Ra8 Qc2 29. Qe7 Qc1+ 30. Bf1 Qc6 31. Rb8 b5 32. Bxb5 Qc1+ 33. Kg2 Qe1 34. Rxe8 Qe4+ 35. Kg1 Qe1+ 36. Bf1 Rxe8 37. Qxe8+ Kg7 38. Qe7 Qc3 39. Kg2 Qe5 40. Qb7 Qd4 41. Bb5 Qb2 42. Bc6 Qc3 43. Bd7 Qe5 44. Be8 Qf6 45. Qf3 Qe7 46. Qc3+ e5 47. Qc8 Qd6 48. Qd7 Qf6 49. Qc6 Qe7 50. Bd7 Kf8 51. Bc8 Kg7 52. Qd7 Qf6 53. Bb7 Kf8 54. Bd5 Kg7 55. Qe8 Qf5 56. Qe7 Kg8 57. h4 h6 58. Bc6 Kg7 59. Bd7 Qe4+ 60. Kh2 Qd4 61. Kh3 Qe4 62. Kh2 Qd4 63. Kh1 Qe4+ 64. Kg1 Qe1+ 65. Kg2 Qe4+ 66. Kg1 Qb1+ 67. Kg2 Qe4+ 68. f3 Qe2+ 69. Kg1 Qe1+ 70. Kg2 Qe2+ 1/2-1/2

[Event "FRA-ch U14 Girls"]
[Site "Belfort"]
[Date "2017.04.20"]
[Round "6.1"]
[White "Aubert, Estee"]
[Black "Rubsamen, Anais"]
[Result "0-1"]
[WhiteElo "1741"]
[BlackElo "1610"]
[PlyCount "134"]
[EventDate "2017.04.16"]
[EventType "swiss"]
[EventRounds "9"]
[EventCountry "FRA"]
[SourceTitle "EXT 2019"]
[Source "ChessBase"]
[SourceDate "2018.10.10"]
[SourceVersion "1"]
[SourceVersionDate "2018.10.10"]
[SourceQuality "1"]

1. e4 b6 2. Nf3 Bb7 3. d3 e6 4. Nbd2 Be7 5. g3 c5 6. Bg2 Nf6 7. 0-0 0-0 8. Re1 Nc6 9. c3 d5 10. e5 Nd7 11. Nf1 Qc7 12. d4 b5 13. Bf4 b4 14. Qc2 Rac8 15. Rec1 Qb6 16. Qd1 a5 17. Rab1 Rc7 18. Ne3 Rfc8 19. Nc2 Ba6 20. a3 b3 21. Nce1 cxd4 22. cxd4 a4 23. Be3 Qb5 24. Nd2 Na5 25. Rxc7 Rxc7 26. Bf1 Qb6 27. Bxa6 Qxa6 28. Rc1 Rxc1 29. Qxc1 Nc4 30. Nxc4 Qxc4 31. Qd2 Bd8 32. Nd3 Bb6 33. Nc1 Nb8 34. Ne2 Nc6 35. Kf1 Kf8 36. Kg2 Qc2 37. Qc3 Qe4+ 38. f3 Qc2 39. Bd2 Ba5 40. Qxc2 bxc2 41. Bc1 Bb6 42. Kf1 Nxd4 43. Nxd4 Bxd4 44. f4 f6 45. exf6 gxf6 46. Ke2 Ke7 47. Kd2 Bg1 48. h3 Bh2 49. Kxc2 Bxg3 50. Bd2 Kd6 51. Kd3 h5 52. Bb4+ Kc6 53. Ke3 d4+ 54. Kxd4 Bxf4 55. Kd3 Be5 56. Kc2 Kb5 57. b3 f5 58. Be1 Bd6 59. b4 Kc4 60. Bc3 e5 61. Be1 Bc7 62. Bf2 Bd6 63. Be3 f4 64. Bc1 Bc7 65. Kd2 Bb6 66. Ke2 Kd4 67. Kf3 Kd3 0-1

[Event "FRA-ch U14 Girls"]
[Site "Belfort"]
[Date "2017.04.18"]
[Round "4.2"]
[White "De Talance, Berenice"]
[Black "Rubsamen, Anais"]
[Result "1/2-1/2"]
[WhiteElo "1757"]
[BlackElo "1610"]
[PlyCount "81"]
[EventDate "2017.04.16"]
[EventType "swiss"]
[EventRounds "9"]
[EventCountry "FRA"]
[SourceTitle "EXT 2019"]
[Source "ChessBase"]
[SourceDate "2018.10.10"]
[SourceVersion "1"]
[SourceVersionDate "2018.10.10"]
[SourceQuality "1"]

1. c4 Nf6 2. Nc3 Nc6 3. e4 e5 4. Nf3 Bc5 5. Be2 0-0 6. 0-0 d6 7. b3 Nd4 8. Bb2 c6 9. d3 Re8 10. Na4 Nxf3+ 11. Bxf3 Bb6 12. Nxb6 Qxb6 13. d4 a5 14. Qd3 a4 15. Rfd1 d5 16. c5 dxe4 17. Bxe4 Qd8 18. dxe5 Qxd3 19. Bxd3 Nd7 20. Bd4 axb3 21. axb3 Rxa1 22. Rxa1 Nxe5 23. Bc2 Ng6 24. Kf1 Nf4 25. f3 Ne6 26. Be3 Nc7 27. Kf2 Nd5 28. Bd2 g6 29. Ra8 Nc7 30. Ra4 Nd5 31. Bd3 Be6 32. Ra7 Bc8 33. Bc4 Nf6 34. b4 Nd7 35. Bc3 Ne5 36. Be2 Nd7 37. f4 f5 38. Bc4+ Kf8 39. b5 Re4 40. Bd3 Re7 41. Kf3 1/2-1/2

[Event "Olympiad Women-42"]
[Site "Baku"]
[Date "2016.09.11"]
[Round "9.3"]
[White "Rubsamen, Anais"]
[Black "Zienab, Mustafa Mansour"]
[Result "1-0"]
[WhiteElo "1611"]
[BlackElo "1195"]
[PlyCount "93"]
[EventDate "2016.09.02"]
[EventType "team-swiss"]
[EventRounds "11"]
[EventCountry "AZE"]
[SourceTitle "CBM 174 Extra"]
[Source "ChessBase"]
[SourceDate "2016.10.10"]
[SourceVersion "1"]
[SourceVersionDate "2016.10.10"]
[SourceQuality "1"]
[WhiteTeam "Monaco (W)"]
[BlackTeam "Sudan (W)"]
[WhiteTeamCountry "MNC"]
[BlackTeamCountry "SUD"]

1. Nf3 d5 2. g3 Nf6 3. Bg2 Nc6 4. 0-0 Be6 5. d3 h6 6. Nbd2 Qd7 7. b3 Bh3 8. Bb2 Bxg2 9. Kxg2 0-0-0 10. e4 dxe4 11. Nxe4 Nxe4 12. dxe4 f6 13. Qxd7+ Rxd7 14. Rfd1 e5 15. a3 Rxd1 16. Rxd1 Bd6 17. Nh4 Ne7 18. c4 Rd8 19. b4 b6 20. Kf1 a6 21. Ke2 Rd7 22. f3 Rd8 23. Ng2 Rd7 24. Ne3 Rd8 25. Nd5 Rd7 26. Rc1 c5 27. Nxb6+ Kc7 28. Nxd7 Kxd7 29. Rd1 Kc7 30. b5 Nc8 31. Bc3 Kb6 32. a4 Ka7 33. Ba5 Kb8 34. Ke3 Ka7 35. f4 Kb8 36. fxe5 fxe5 37. Rf1 Be7 38. Rf7 Bf6 39. Rd7 Be7 40. Bc7+ Ka8 41. Bxe5 axb5 42. axb5 Bf6 43. Bxf6 gxf6 44. Rc7 Nd6 45. Rxc5 Kb7 46. Rc6 Ne8 47. Re6 1-0

[Event "Olympiad Women-42"]
[Site "Baku"]
[Date "2016.09.10"]
[Round "8.3"]
[White "Rubsamen, Anais"]
[Black "Kalaiyalahan, Akshaya"]
[Result "0-1"]
[WhiteElo "1611"]
[BlackElo "2017"]
[PlyCount "90"]
[EventDate "2016.09.02"]
[EventType "team-swiss"]
[EventRounds "11"]
[EventCountry "AZE"]
[SourceTitle "CBM 174 Extra"]
[Source "ChessBase"]
[SourceDate "2016.10.10"]
[SourceVersion "1"]
[SourceVersionDate "2016.10.10"]
[SourceQuality "1"]
[WhiteTeam "Monaco (W)"]
[BlackTeam "England (W)"]
[WhiteTeamCountry "MNC"]
[BlackTeamCountry "ENG"]

1. Nf3 Nf6 2. g3 g6 3. Bg2 Bg7 4. 0-0 0-0 5. d3 d5 6. Nbd2 Nc6 7. e4 e5 8. a4 a5 9. exd5 Nxd5 10. Nc4 h6 11. Bd2 Re8 12. Re1 f6 13. h3 Be6 14. Ne3 Nb6 15. Nh4 Bf7 16. Ng4 h5 17. Ne3 f5 18. Bxc6 bxc6 19. Bc3 f4 20. Neg2 Nd5 21. Qd2 Nxc3 22. Qxc3 Qd7 23. gxf4 exf4 24. Rxe8+ Rxe8 25. Qxa5 Qxh3 26. Qg5 Re5 27. Qd8+ Kh7 28. Nxf4 Qg4+ 29. Nhg2 g5 30. d4 gxf4 31. f3 Qg5 32. Qxg5 Rxg5 33. c3 c5 34. dxc5 Rxc5 35. a5 Bd5 36. Nxf4 Bxf3 37. Ne6 Re5 38. Nd4 Ba8 39. Kh2 Rg5 40. Ne6 Rg2+ 41. Kh3 Be5 42. Nf8+ Kh6 43. Rh1 Rg3+ 44. Kh2 Rg4+ 45. Kh3 Bg2# 0-1

[Event "Olympiad Women-42"]
[Site "Baku"]
[Date "2016.09.06"]
[Round "5.4"]
[White "Lee, Lok Yi"]
[Black "Rubsamen, Anais"]
[Result "0-1"]
[WhiteElo "1497"]
[BlackElo "1611"]
[PlyCount "54"]
[EventDate "2016.09.02"]
[EventType "team-swiss"]
[EventRounds "11"]
[EventCountry "AZE"]
[SourceTitle "CBM 174 Extra"]
[Source "ChessBase"]
[SourceDate "2016.10.10"]
[SourceVersion "1"]
[SourceVersionDate "2016.10.10"]
[SourceQuality "1"]
[WhiteTeam "Hong Kong (W)"]
[BlackTeam "Monaco (W)"]
[WhiteTeamCountry "HKG"]
[BlackTeamCountry "MNC"]

1. b4 e5 2. Bb2 Bxb4 3. Bxe5 Nf6 4. e3 Nc6 5. Bb2 0-0 6. Nf3 Re8 7. Bb5 a6 8. Ba4 b5 9. Bb3 h6 10. Nc3 Bb7 11. Nd5 Nxd5 12. Bxd5 Rb8 13. 0-0 Qe7 14. a4 Qd6 15. Bb3 Na5 16. c3 Nxb3 17. Qxb3 Bxf3 18. gxf3 Qg6+ 19. Kh1 Bd6 20. Rg1 Qh5 21. Rg2 Qxf3 22. d4 bxa4 23. Qc2 Re4 24. Ba3 Rg4 25. Rag1 Rxg2 26. Rxg2 Bxa3 27. Qxa4 Rb1+ 0-1

[Event "EU-ch U14 Girls 26th"]
[Site "Prague"]
[Date "2016.08.18"]
[Round "1"]
[White "Strukova, Ksenia"]
[Black "Rubsamen, Anais"]
[Result "1-0"]
[WhiteElo "1894"]
[BlackElo "1578"]
[PlyCount "109"]
[EventDate "2016.08.18"]
[EventType "swiss"]
[EventRounds "9"]
[EventCountry "CZE"]
[SourceTitle "CBM 174 Extra"]
[Source "ChessBase"]
[SourceDate "2016.10.10"]
[SourceVersion "1"]
[SourceVersionDate "2016.10.10"]
[SourceQuality "1"]

1. e4 g6 2. d4 Bg7 3. Nc3 c6 4. Nf3 d5 5. e5 Nh6 6. h4 Bg4 7. Be2 f6 8. h5 Nf7 9. exf6 exf6 10. Nh4 gxh5 11. Bxg4 hxg4 12. Qxg4 Ng5 13. Nf5 Bf8 14. Bxg5 fxg5 15. 0-0-0 Qf6 16. Ng3 Qf4+ 17. Qxf4 gxf4 18. Nh5 Bd6 19. Rde1+ Kf7 20. Rh4 Nd7 21. Nxf4 Be7 22. Rh5 Nf6 23. Rh3 Bb4 24. Nd3 Bxc3 25. Ne5+ Ke6 26. Rxc3 Ne4 27. Rh3 Nxf2 28. Rh6+ Ke7 29. Ng6+ Kd7 30. Nxh8 Rxh8 31. Rf1 Rf8 32. Rxh7+ Kc8 33. Re1 Ne4 34. Re7 Rf2 35. g4 Rg2 36. Rh1 Kd8 37. Rxb7 Nd6 38. Rh8+ Ne8 39. Rb8+ Kd7 40. Rbxe8 Rxg4 41. c3 Rg1+ 42. Kd2 Rg2+ 43. Re2 Rg7 44. Ra8 Kd6 45. Rd8+ Kc7 46. Rde8 Kb6 47. Kd3 Rg1 48. Kc2 Rg7 49. Kb3 Ka5 50. R2e7 Rxe7 51. Rxe7 a6 52. c4 c5 53. dxc5 d4 54. Ka3 d3 55. b4# 1-0

[Event "FRA-ch U14 Girls"]
[Site "Gonfreville"]
[Date "2016.04.13"]
[Round "5.3"]
[White "Pionnier, Camille"]
[Black "Rubsamen, Anais"]
[Result "1-0"]
[WhiteElo "1692"]
[BlackElo "1597"]
[PlyCount "75"]
[EventDate "2016.04.22"]
[EventType "swiss"]
[EventRounds "9"]
[EventCountry "FRA"]
[SourceTitle "EXT 2019"]
[Source "ChessBase"]
[SourceDate "2018.10.10"]
[SourceVersion "1"]
[SourceVersionDate "2018.10.10"]
[SourceQuality "1"]

1. d4 Nf6 2. c4 g6 3. Nc3 d5 4. cxd5 Nxd5 5. e4 Nxc3 6. bxc3 Bg7 7. g3 0-0 8. f4 c5 9. e5 Qd5 10. Nf3 Qe4+ 11. Qe2 Qxe2+ 12. Bxe2 cxd4 13. cxd4 Rd8 14. Kf2 Nc6 15. Bb2 Bg4 16. Rhd1 Rac8 17. Rac1 Nb4 18. Ba3 Nd5 19. Bc4 e6 20. Bc5 b6 21. Bd6 Bf8 22. Bxf8 Kxf8 23. Ba6 Rxc1 24. Rxc1 Bxf3 25. Kxf3 Nb4 26. Bb5 Rxd4 27. Rc8+ Kg7 28. Rc7 a6 29. Be8 Kf8 30. Bxf7 Nd5 31. Ra7 Rd3+ 32. Kg4 Ra3 33. Bxe6 Ne7 34. Kg5 b5 35. Kf6 Rc3 36. Ra8+ Nc8 37. Bxc8 Rc6+ 38. Be6+ 1-0